| 000 | 01064cab a22002055a 4500 | ||
|---|---|---|---|
| 001 | L145600 | ||
| 008 | 081024s2008 xxkd f s 000 0 eng d | ||
| 035 | _a(Sirsi) u145600 | ||
| 041 | 0 | _aeng | |
| 100 | 1 | _aYu, Marco K. W. | |
| 245 | 0 | 4 |
_aThe compilation methods of building price indices in Britain _ba critical review |
| 260 | _c2008 | ||
| 490 |
_aConstruction Management and Economics _v26 July-September 2008, 693-705 (13) |
||
| 520 | _aReviews the compilation methods of building prices in Britain. Reports that the indices used usually fail to measure the mechanical and electrical services. They do not estimate the tender price movements of new building works not procured through the lump sum Bills of Quantities route. Presents an improved version of the current method and the hedonic price index method. Concludes that these areas need to be pursued and that the hedonic price index method is an interesting alternative. | ||
| 590 | _aKA | ||
| 651 | 4 |
_aUnited Kingdom _y |
|
| 690 |
_aProcurement _96260 |
||
| 700 | 1 | _aIve, Graham J. | |
| 942 | _n0 | ||
| 999 |
_c80891 _d80891 |
||